Statistiques concernant Films et musique classique

Cliquez ici pour prendre le quiz!

Statistiques générales

  • Ce quiz a été pris 15 fois
  • Le résultat moyen est 14 sur 50

Statistiques - réponses

AnnéeFilmCompositeur(s)% Correct
1940FantasiaBach | Beethoven | Tchaïkovsky |Stravinski | Schuert | Dukas | Moussorgski | Ponchielli
77%
2002Le PianisteChopin
62%
1984AmadeusMozart
62%
1971Orange mécaniquePurcell | Beethoven | Rossini | Elgar | Rimsky-Korsakov
62%
1979Apocalypse nowWagner
62%
1940Le DictateurBrahms | Wagner | Boccherini
54%
1975Barry LyndonHaendel | Schubert | Vivaldi | Mozart | Paisiello
54%
1973Ludwig le crépuscule des dieuxSchubert | Wagner
54%
2011Black SwanTchaïkovsky
54%
1986Jean de Florette & Manon des SourcesVerdi
46%
2002IrréversibleBeethoven
38%
1971Mort à veniseMahler
38%
1991Tous les matins du mondeMarais | Lully
38%
1963Le GuépardVerdi
38%
1986PlatoonBarber
31%
1988Piège de cristalBeethoven
31%
2010Le discours d'un roiBeethoven | Mozart
31%
1973Soleil vertBeethoven | Mozart | Tchaïkovsky | Grieg
31%
2000Fantasia 2000Beethoven | Respighi | Gershwin | Saint-Saëns | Elgar | Stravinski
31%
2012Django unchainedBeethoven | Verdi
31%
1980ShiningBerlioz | Bartok | Penderecki | Ligeti
31%
1985Out of AfricaMozart
31%
1999Eyes wide shutMozart | Liszt | Chostakovitch | Ligeti
31%
1939La règle du jeuSaint-Saëns | Chopin
31%
1991Le silence des agneauxBach
23%
1966La grande vadrouilleBerlioz
23%
1978Voyage au bout de l'enferChopin
23%
1997Le 5e élementDonizetti
23%
1997La vie est belleOffenbach
23%
2006V pour VendettaTchaïkovsky
23%
1979Kramer contre KramerVivaldi
23%
2010L'ArnacoeurChopin
15%
2001Ocean's ElevenDebussy
15%
1987Les sorcières d'EastwickDvorak
15%
1955Sept ans de réflexionRachmaninov | Tchaïkovsky
15%
1972Le ParrainBach | Mozart | Verdi
8%
2001Le fabuleux destin d'Amélie PoulainBarber
8%
1994Quatre mariages et un enterrementHaendel
8%
2001Le journal de Bridget JonesHaendel
8%
1983L'étoffe des hérosHolst | Tchaïkovsky
8%
2003Les triplettes de BellevilleMozart | Bach
8%
2006Marie-AntoinetteRameau | Couperin | Vivaldi | Scarlatti
8%
1981Les uns et les autresRavel | Brahms
8%
2002Minority reportSchubert | Tchaïkovsky
8%
1967La mariée était en noirVivaldi
8%
1961Le PrésidentWagner
8%
2013Les garçons et Guillaume à tableWagner | Verdi
8%
1954SensoBruckner
0%
1994FarinelliPergolese
0%
1987Le dernier empereurStrauss
0%

Distribution des résultats

Percentile par nombre de réponses

% des personnes avec chaque résultat

Votre développement - résultats

Vous n’avez pas pris ce quiz